| Поле | Инд. | ПП | Название | Значение |
|---|---|---|---|---|
| Тип записи | a | |||
| Библиографический уровень | m | |||
| 001 | Контрольный номер | RU/IS/BASE/327063318 | ||
| 005 | Дата корректировки | 20200629102115.9 | ||
| 040 | a | Служба первич. каталог. | НБ ТвГУ | |
| b | Код языка каталог. | rus | ||
| e | Правила каталог. | PSBO | ||
| 041 | 0_ | a | Код языка текста | rus |
| 080 | a | Индекс УДК | 94(38) | |
| 080 | a | Индекс УДК | 929Александр Македонский | |
| 084 | a | Индекс другой классификации/Индекс ББК | Т3(0)322.0 | |
| 090 | a | Полочн. индекс | 9(3) | |
| x | Авторский знак | А 84 | ||
| 100 | 1_ | a | Автор | Арриан Флавий |
| d | Дата | 95-175 | ||
| q | Полное имя | Арриан Ф. | ||
| 245 | 10 | a | Заглавие | Поход Александра |
| b | Продолж. заглавия | перевод с древнегреческого | ||
| c | Ответственность | пер. М. Е. Сергеенко ; отв. ред. О. О. Крюгер ; АН СССР, Ин-т истории, Ленингр. отд-ние | ||
| 260 | a | Место издания | Москва | |
| a | Место издания | Ленинград | ||
| b | Издательство | Академия наук СССР | ||
| c | Дата издания | 1962 | ||
| 300 | a | Объем | 382, [2] с., [2] л. ил. и карт. | |
| b | Иллюстрации/ тип воспроизводства | портр. | ||
| 504 | a | Библиография | Библиогр. в подстрочн. примеч. | |
| 653 | 0_ | a | Ключевые слова | Александр Македонский |
| a | Ключевые слова | Древний мир | ||
| a | Ключевые слова | Древняя Греция | ||
| a | Ключевые слова | Древняя Македония | ||
| a | Ключевые слова | История Древнего мира | ||
| a | Ключевые слова | История Древней Греции | ||
| a | Ключевые слова | История Македонии | ||
| 700 | 1_ | a | Другие авторы | Сергеенко Мария Ефимовна |
| e | Роль лиц | пер. | ||
| 700 | 1_ | a | Другие авторы | Крюгер Отто Оскарович |
| e | Роль лиц | отв. ред. | ||
| 920 | a | Оператор | Лиси | |
| a | Оператор | Прокоф | ||
| 930 | a | Новая/Ретро | персоналии | |
| 952 | c | Вид литературы | К рн | |
| 954 | a | Дата поступления на обработку | 20100513 |